000 00995cam a2200301 i 4500
001 200446127
003 TR-AnTOB
005 20251230104209.0
007 ta
008 140620s2009 tu a $r01 $$$$ ttu u
040 _aTR-AnTOB
_beng
_erda
_cTR-AnTOB
041 0 _atur
044 _ctu
050 1 4 _aDS51.K2
_bK388 2009
090 0 0 _aDS51.K2
_bK388 2009
245 1 _aDört mevsim Kastamonu :
_bilkbahar, yaz, sonbahar, kış /
_cfotoğrafçılar Fahri Özbek...[and ten others].
246 0 _a4 mevsim Kastamonu.
264 1 _aKastamonu :
_bT.C. Kastamonu Valiliği İl Özel İdaresi,
_c2009.
300 _a208 pages :
_bphotographs ;
_c24 cm
336 _ametin
_btxt
_2rdacontent
337 _aaracısız
_bn
_2rdamedia
338 _acilt
_bnc
_2rdacarrier
651 0 _aKastamonu (Türkiye)
_xGezi ve tanıtım
_954001
651 7 _aKastamonu (Türkiye)
_xTarih
_2etuturkob
_943079
700 1 _aÖzbek, Fahri
_ephotographer
_9122726
942 _2lcc
_cBK
999 _c200446127
_d64339